Najlepsi darterzy świata - liderzy PDC Order of Merit - Statystyki

Ogólne statystyki
  • Ten quiz został rozwiązany 240 razy
    65 od ostatniego zresetowania
  • Średni wynik to 15 z 32
Statystyki odpowiedzi
Rok Nazwisko % Poprawnych
2023 Luke Humphries
83%
2021 Gerwyn Price
80%
2022 Michael Smith
80%
2008 Phil Taylor
76%
2015 Michael van Gerwen
74%
2016 Michael van Gerwen
74%
2017 Michael van Gerwen
74%
2018 Michael van Gerwen
74%
2010 Phil Taylor
74%
2012 Phil Taylor
74%
2009 Phil Taylor
72%
2011 Phil Taylor
72%
2014 Michael van Gerwen
70%
2019 Michael van Gerwen
70%
2006 Phil Taylor
70%
2013 Michael van Gerwen
67%
2003 Phil Taylor
67%
2004 Phil Taylor
67%
2020 Gerwyn Price
65%
2001 Phil Taylor
56%
2007 Raymond van Barneveld
43%
1994 Dennis Priestley
15%
2002 John Part
11%
1993 Alan Warriner-Little
6%
2005 Colin Lloyd
6%
2000 Peter Manley
6%
1995 Rod Harrington
2%
1998 Rod Harrington
2%
1999 Rod Harrington
2%
1996 Alan Warriner-Little
0%
1997 Alan Warriner-Little
0%
2001 Alan Warriner-Little
0%
Nie znaleziono quizów pasujących do podanych kryteriów
Rozkład punktacji
Procent ludzi z każdym wynikiem
Percentyl według liczby udzielonych odpowiedzi
Twoja historia wyników
Nie rozwiązałeś tego quizu od ostatniego zresetowania